SABISTION TEXTBOOK OF SURGERY I (Record no. 14193)

MARC details
000 -LEADER
fixed length control field 00248nam a22001097a 4500
082 ## - DEWEY DECIMAL CLASSIFICATION NUMBER
Classification number 617
Item number S17T
100 ## - MAIN ENTRY--PERSONAL NAME
Personal name TOWNSEND,CONRTENY M
245 ## - TITLE STATEMENT
Title SABISTION TEXTBOOK OF SURGERY I
260 ## - PUBLICATION, DISTRIBUTION, ETC. (IMPRINT)
Place of publication, distribution, etc INDIA
Name of publisher, distributor, etc ELSEVIER
Year of Publication 2017
300 ## - PAGE DESCRIPTION
No. of Pages 1012
942 ## - ADDED ENTRY ELEMENTS (KOHA)
Source of classification or shelving scheme Dewey Decimal Classification
Koha item type Books
Holdings
Withdrawn status Lost status Source of classification or shelving scheme Damaged status Not for loan Collection code Home library Current library Shelving location Date acquired Vendor Name Cost, normal purchase price Volume Information (Serial or Books or Non-Book Material) SGTU Bill Number Total Checkouts Full call number Accession No. (Barcode) Date last seen Date last borrowed Bill Date Koha item type
    Dewey Decimal Classification     MEDICAL SGT Medical Library SGT Medical Library Reference Book 23/12/2017 ABC DELHI 6345.00 I SGTU 8707 1 617 S17T FM9097 15/02/2021 23/01/2021 08/07/2017 Books